02162nam a2200265Ia 4500008004100000020001500041050002500056100003300081245005000114260004800164300002300212336001000235337001400245338001200259500003400271505122100305650002701526650005201553650005401605650005901659650005401718942000701772952010001779999001701879120625s2001 -us 001 0 spa d a9968370428 4aHF5548.4M525 bW34181 aWang, Wallye, autor.91195310aOffiice XP para dummies c/ por Wallace Wang.3 aEstados Unidos de América b: STc, 2001. axx, 442 páginas. aTexto aSin medio aVolumen aIncluye índice (pp.419-441)1 aIntroducción Parte I: Conocer Microsoft Office XP Iniciar Microsoft Office XP Comandos de menú y teclas comunes en Office XP Obtener ayuda de Microsoft Office XP Parte II: Trabajar con Word Trabajar con documentos de word Manipular sus palabras Hacer que sus palabras se vean bonitas Crear páginas soisticadas Parte III: Jugar a los números con Excel Elementos básicos de las hojas electrónicas Etiquetas y formato Divertirse con formulas y funciones Gráficar con números Parte IV: Hacer presentaciones con power point Crear presentaciones con diapositivas Agregar color e ilustraciones a Power Point Presumir con sus presentaciones de Power Point Parte V: Organizarse con Outlook Programar su tiempo Configurar tareas y hacer contactos Organizar su correo electrónico Parte VI: Almacenar cosas en Access Meter información de una base de datos Buscar, acomodar y hacer consultas Reportar su información de access Parte VII: Hacer páginas Web con front page Diseñar una página Web con Front Page Organizar sus páginas con tablas, marcos y líneas Parte VIII: Los diez mejores Diez consejos útiles para utilizar Microsoft Office XP Diez accesos directos comunes de Microsoft XP14aMICROSOFT OFFICE9861024aMICROSOFT WORD (PROGRAMA DE COMPUTADORA) 9973424aMICROSOFT EXCEL (PROGRAMA DE COMPUTADORA) 9964320aMICROSOFT POWER POINT (PROGRAMA DE COMPUTADORA)91195420aMICROSOFT ACCESS (PROGRAMA DE COMPUTADORA)910012 cLB 00104070a04b04d2007-02-20l0oHF5548.4M525 W3418p04 000162r2015-06-16t1w2012-06-24yLB c61569d61569